000 00492nam a2200193Ia 4500
003 OSt
005 20230607081813.0
008 210423s2010 xx 000 0 und d
040 _cAL
041 _aeng
082 _a658.477
_223
_bREZD
100 _aREZA (B K)
_9120765
245 _aDisaster management
260 _aGurgaon
_bGlobal Research Publications
_c2010
365 _b700
_cINR
650 _aExecutive Management
_9120766
906 _aDisaster ; management
942 _2ddc
_cBK
999 _c176019
_d176019